00381nam a22000977a 4500082001200000100002300012245014800035260004200183650002200225700003600247 a200 THE aKhizer Ahmed Zaki  aTH-SOF-1270-A Business Process Improvement Model for Automobile Parts Manufacturing Industry-A Case Study of Metaline Manufacturing Company Ltd aIslamabad bNUST College of EMEc2016 aMS-EM-8 MSTHESIS aSupervisor Dr. Muhammad Saleem